Szczegóły MARC21

Archiwizacja dokumentacji projektów finansowanych ze środków unijnych i innych źródeł zagranicznych /

003 -Nazwa inst., której nr kontr. jest w polu 001 [,]
    • @
    • Nazwa instytucji, której n kontrolny jest w polu 001
    • NUKAT
005 -DATA I CZAS OSTATNIEJ MODYFIKACJI [,]
    • @
    • pole kontrolne
    • 20241231093032.0
020 -Międzynarod. znormalizowany nr książki - ISBN [ , ]
    • a
    • Numer ISBN
    • 9788362723232 Find
040 -Instytucja sporządzająca opis [ , ]
    • a
    • Instytucja, która sporządziła opis (NP)
    • WA 336/EG
    • c
    • Instytucja, która sporządziła rekord (NP)
    • WA 336/JM
    • d
    • Instytucja, która zmodyfikowała rekord (P)
    • WA 336/JM
    • d
    • Instytucja, która zmodyfikowała rekord (P)
    • WA U/DNs
    • d
    • Instytucja, która zmodyfikowała rekord (P)
    • KR 307/KMs
    • d
    • Instytucja, która zmodyfikowała rekord (P)
    • KAT 001/PD
942 -Rodzaj dokumentu [ , ]
    • c
    • Rodzaj dokumentu
    • Książka
100 -Hasło główne - nazwa osobowa [1, ]
    • a
    • Nazwa osobowa (NP)
    • Regliński, Andrzej.
    • 9
    • KHW
    • 67459
245 -Strefa tytułu i oznaczenia odpowiedzialności [1,0]
    • a
    • Tytuł
    • Archiwizacja dokumentacji projektów finansowanych ze środków unijnych i innych źródeł zagranicznych / Find
    • c
    • Pozostałe elementy strefy tytułu i oznaczenia odpowiedzialności (NP)
    • Andrzej Regliński.
250 -Strefa wydania [ , ]
    • a
    • Oznaczenie wydania (NP)
    • Stan prawny na dzień 1 stycznia 2012 r.
260 -Strefa adresu wydawniczego [ , ]
    • a
    • Miejsce wydania (P)
    • Wrocław :
    • b
    • Nazwa wydawcy (P)
    • Presscom,
    • c
    • Data wydania (P)
    • cop. 2012.
300 -Strefa opisu fizycznego [ , ]
    • a
    • Określenie formy książki i/lub objętość (NP)
    • 197 s. :
    • b
    • Oznaczenie ilustracji (NP)
    • il. ;
    • c
    • Format (NP)
    • 24 cm +
    • e
    • Oznaczenie dokumentu towarzyszącego (NP)
    • 1 dysk optyczny (CD-ROM).
336 -Typ zawartości [ , ]
    • a
    • Termin opisujący typ zawartości
    • Tekst
    • b
    • Kod określający zawartość
    • txt
    • 2
    • Źródło (terminu i kodu)
    • rdacontent
337 -Typ mediów [ , ]
    • a
    • Tryb odtwarzania
    • Bez urządzenia pośredniczącego
    • b
    • Kod typu mediów
    • n
    • 2
    • Źródło (terminu i kodu)
    • rdamedia
338 -Typ/rodzaj nośnika [ , ]
    • a
    • Hasło opisujące typ nośnika
    • Wolumin
    • b
    • Kod typu nośnika
    • nc
    • 2
    • Źródło (terminu i kodu)
    • rdacarrier
490 -Strefa serii i książki wielotomowej - forma nie do wyszukiwania [1, ]
    • a
    • Tytuł (P)
    • Administracja Publiczna. Biblioteka Find
830 -Hasło dodatkowe serii i opisu książki wielotomowej - tytuł ujednolicony/tytuł [ ,0]
    • a
    • Tytuł ujednolicony/tytuł (NP)
    • Administracja Publiczna.
    • p
    • Nazwa części/podserii/sekcji (P)
    • Biblioteka
    • 9
    • KHW
    • 7971
504 -Uwaga dot. bibliogr. załącznikowej [ , ]
    • a
    • Uwaga dot. bibliografii załącznikowej
    • Bibliogr. s. 195. Indeks.
080 -Uniwersalna Klasyfikacja Dziesiętna [ , ]
    • 2
    • Identyfikator wydania tablic
    • UDC-P058
    • 9
    • UKD
    • 2222
    • a
    • Symbol klasyfikacji
    • 005.92
    • b
    • Dopowiedzenie
    • Dokumentacja biurowa. Registratura akt. Archiwa.
080 -Uniwersalna Klasyfikacja Dziesiętna [ , ]
    • 2
    • Identyfikator wydania tablic
    • UDC-P058
    • 9
    • UKD
    • 6970
    • a
    • Symbol klasyfikacji
    • 930.251
    • b
    • Dopowiedzenie
    • Archiwoznawstwo. Technika i organizacja archiwów.
080 -Uniwersalna Klasyfikacja Dziesiętna [ , ]
    • 2
    • Identyfikator wydania tablic
    • UDC-P058
    • 9
    • UKD
    • 3363
    • a
    • Symbol klasyfikacji
    • 341.12(4-67)
    • b
    • Dopowiedzenie
    • Prawo Unii Europejskiej.
    • 4
    • UKD2
    • 7999
    • x
    • Poddział wspólny
    • (093.2)
    • c
    • Dopowiedzenie poddz. wspólnego
    • (Źródła urzędowe, oficjalne. Dokumenty i akta urzędowe).
650 -Hasło przedmiotowe [ ,7]
    • a
    • Hasło przedmiotowe
    • Archiwa
    • v
    • Określnik formalny
    • poradniki.
    • 2
    • Źródło terminu
    • kaba
    • 9
    • KHW
    • 382236
650 -Hasło przedmiotowe [ ,7]
    • a
    • Hasło przedmiotowe
    • Banki danych.
    • 2
    • Źródło terminu
    • kaba
    • 9
    • KHW
    • 149484
650 -Hasło przedmiotowe [ ,7]
    • a
    • Hasło przedmiotowe
    • Archiwistyka
    • z
    • Określnik geograficzny
    • Polska
    • y
    • Określnik chronologiczny
    • 20 w.
    • 2
    • Źródło terminu
    • kaba
    • 9
    • KHW
    • 382237
650 -Hasło przedmiotowe [ ,7]
    • a
    • Hasło przedmiotowe
    • Dokumentacja
    • z
    • Określnik geograficzny
    • Polska
    • y
    • Określnik chronologiczny
    • 1990-.
    • 2
    • Źródło terminu
    • kaba
    • 9
    • KHW
    • 382239
650 -Hasło przedmiotowe [ ,7]
    • a
    • Hasło przedmiotowe
    • Fundusze strukturalne
    • z
    • Określnik geograficzny
    • Polska
    • x
    • Określnik rzeczowy
    • zarządzanie
    • v
    • Określnik formalny
    • poradniki.
    • 2
    • Źródło terminu
    • kaba
    • 9
    • KHW
    • 382238
650 -Hasło przedmiotowe [ ,7]
    • a
    • Hasło przedmiotowe
    • Dokumentacja
    • 2
    • Źródło terminu
    • DBN
    • 9
    • KHW
    • 726257
650 -Hasło przedmiotowe [ ,7]
    • a
    • Hasło przedmiotowe
    • Fundusze strukturalne UE
    • 2
    • Źródło terminu
    • DBN
    • 9
    • KHW
    • 724821
650 -Hasło przedmiotowe [ ,7]
    • a
    • Hasło przedmiotowe
    • Kancelaria
    • 2
    • Źródło terminu
    • DBN
    • 9
    • KHW
    • 744313
650 -Hasło przedmiotowe [ ,7]
    • a
    • Hasło przedmiotowe
    • Organizacja
    • 2
    • Źródło terminu
    • DBN
    • 9
    • KHW
    • 722344
650 -Hasło przedmiotowe [ ,7]
    • a
    • Hasło przedmiotowe
    • Archiwa zakładowe
    • 2
    • Źródło terminu
    • DBN
650 -Hasło przedmiotowe [ ,7]
    • a
    • Hasło przedmiotowe
    • Prawo archiwalne
    • 2
    • Źródło terminu
    • DBN
651 -Hasło przedmiotowe w formie nazwy geograficznej [ ,7]
    • a
    • Nazwa geograficzna
    • Polska
    • 2
    • Źródło terminu
    • DBN
    • 9
    • KHW
    • 721438
658 -Ujęcie treści [ , ]
    • a
    • dziedzina nauki i sztuki/ sfera aktywności życiowej
    • Gospodarka, ekonomia, finanse
658 -Ujęcie treści [ , ]
    • a
    • dziedzina nauki i sztuki/ sfera aktywności życiowej
    • Zarządzanie i marketing
658 -Ujęcie treści [ , ]
    • a
    • dziedzina nauki i sztuki/ sfera aktywności życiowej
    • Prawo i wymiar sprawiedliwości
980 -Symbol UKD [ , ]
    • a
    • UKD
    • 005.92:930.251:341.12(4-67)(093.2)
920 -ISBN [ , ]
    • a
    • ISBN
    • 978-83-62723-23-2 Find
Status udost. Numer inwentarzowy Sygnatura Data inwentaryzacji Lokalizacja
-2T.13972T.139722013-12-09T